Inkblot personality test: understanding the unconscious mind (Record no. 170500)
[ view plain ]
| 000 -LEADER | |
|---|---|
| fixed length control field | 00666nam a2200217Ia 4500 |
| 003 - CONTROL NUMBER IDENTIFIER | |
| control field | OSt |
| 005 - DATE AND TIME OF LATEST TRANSACTION | |
| control field | 20230429124051.0 |
| 008 - FIXED-LENGTH DATA ELEMENTS--GENERAL INFORMATION | |
| fixed length control field | 210423s2019 xx 000 0 und d |
| 020 ## - INTERNATIONAL STANDARD BOOK NUMBER | |
| International Standard Book Number | 978-93-532-8461-9 |
| 040 ## - CATALOGING SOURCE | |
| Transcribing agency | AL |
| 041 ## - LANGUAGE CODE | |
| Language code of text/sound track or separate title | eng |
| 082 ## - DEWEY DECIMAL CLASSIFICATION NUMBER | |
| Classification number | 155.284 |
| Edition number | 23 |
| Item number | DUBI |
| 100 ## - MAIN ENTRY--PERSONAL NAME | |
| Personal name | DUBEY (Bankey Lal);BANERJEE (Padmakali);DUBEY (Anand) |
| 9 (RLIN) | 95388 |
| 245 ## - TITLE STATEMENT | |
| Title | Inkblot personality test: understanding the unconscious mind |
| 260 ## - PUBLICATION, DISTRIBUTION, ETC. | |
| Place of publication, distribution, etc. | Los Angeles |
| Name of publisher, distributor, etc. | Sage Publications |
| Date of publication, distribution, etc. | 2019 |
| 300 ## - PHYSICAL DESCRIPTION | |
| Extent | xxii,479 |
| Other physical details | HB |
| 365 ## - TRADE PRICE | |
| Price amount | 1795 |
| Currency code | INR |
| 650 ## - SUBJECT ADDED ENTRY--TOPICAL TERM | |
| Topical term or geographic name entry element | Psychology |
| 9 (RLIN) | 95389 |
| 906 ## - LOCAL DATA ELEMENT F, LDF (RLIN) | |
| a | Inkblot ; mind ; personality ; test: ; unconscious ; understanding |
| 942 ## - ADDED ENTRY ELEMENTS (KOHA) | |
| Source of classification or shelving scheme | Dewey Decimal Classification |
| Koha item type | Book |
| Withdrawn status | Lost status | Damaged status | Not for loan | Collection code | Home library | Current library | Date acquired | Source of acquisition | Cost, normal purchase price | Total Checkouts | Full call number | Barcode | Date last seen | Date last checked out | Price effective from | Koha item type |
|---|---|---|---|---|---|---|---|---|---|---|---|---|---|---|---|---|
| Corporate Psychology | St Aloysius PG Library | St Aloysius PG Library | 01/31/2020 | Biblios Book Point | 1795.00 | 1 | 155.284 DUBI | PG017002 | 09/30/2023 | 09/27/2023 | 04/26/2021 | Book |